000 00504 a2200157 4500
999 _c6859
_d6859
020 _a9780801475122
050 _aDT516.826 COU 2009
100 _aCoulter, Chris
245 _aBush wives and girl soldiers:
_bWomen's lives through war and peace in Sierra Leone /
_cChris Coulter
264 _aIthaca:
_bCornell University Press;
_c2009
300 _aix, 285p. ;
_bmaps
500 _aIncludes references and index
650 _aGirl soldiers
650 _aWomen and war
942 _2lcc
_cBK
_h516.826
_iCOU
_kDT